000 00596nam a2200181 4500
005 20250103143212.0
010 _aENG-143179
020 _a97881941024760
_c250.00
035 _aEN-126711
037 _bDBAD
082 _a335.4
100 _aPatri, Neelakant
_975819
245 _aEconomy and politics in uncertain times/
_cby Neelakant Patri
260 _aBengaluru
_bSouthern Economist
_c2012
270 _aNo. 9, Ist Main, Jamia Masjid Complex, Ist Floor, 10 & 11. Palace Guttahalli
_bBengaluru
_e560003
300 _axvi,454p.
_c21cm(pb)
942 _2ddc
_cEN
_h335.4
_mPAT
999 _c208018
_d208018